| 000 | 01109naa a2200277 c 4500 | ||
|---|---|---|---|
| 001 | 49099 | ||
| 999 |
_c49099 _d49099 |
||
| 003 | ES-MaCES | ||
| 005 | 20170329131156.0 | ||
| 008 | 170329s2009 sp ||||| t||||||| ||spa d | ||
| 040 |
_aES-MaCES _bspa _cES-MaCES _dES-MaCES |
||
| 100 | 1 |
_918784 _aMolina Navarrete, Cristóbal |
|
| 245 | 1 | 3 |
_aEn busca de nuevas formas de lucha efectiva contra el acoso moral en el trabajo _b: la obligación empresarial de publicar la condena _cCristóbal Molina Navarrete |
| 500 | _aResumen | ||
| 650 | 4 |
_930708 _aacoso laboral |
|
| 650 | 4 |
_929086 _aambiente de trabajo |
|
| 650 | 4 |
_928367 _aconflicto de trabajo |
|
| 650 | 4 |
_930146 _aresponsabilidad del empleador |
|
| 650 | 4 |
_927165 _aderecho del trabajo |
|
| 650 | 4 |
_927166 _alegislación del trabajo |
|
| 650 | 4 |
_927164 _atribunal del trabajo |
|
| 650 | 4 |
_928624 _ajurisprudencia |
|
| 653 | 1 | 0 | _aRelaciones laborales-Empleo |
| 773 | 0 |
_967496 _dPamplona (Carlos III, 34) Aranzadi D.L. 1991- _o074070 _tAranzadi social _w(ES-MaCES)25655 _gn. 1 (abr. 2009) {10650 R. 074070} ;p. 63-92 |
|
| 902 | _aART Artículo de revista | ||
| 942 |
_2CES _cAR _h2.0. |
||